000 00501nam a2200133Ia 4500
008 180815s9999 xx 000 0 und d
020 _a9789719584223
100 _aSmall Enterprises Research and Development Foundation
245 _cSmall Enterprises Research and Development Foundation.--
_aProduct development for small enterprises /
260 _aQuezon City :
_bUniversity of the Philippines
_c2017
300 _ax, 142 pages.
650 _aNew product.
650 _aSmall business -- Philippines.
999 _c358325
_d358325